[Event "ABC 2024 Utrecht, Groep B"]
[Site "Utrecht"]
[Date "2024.03.10"]
[Round "7.5"]
[White "Blok, Xaveer"]
[Black "Seth, Aakrit"]
[Result "1/2-1/2"]
[WhiteElo "1884"]
[BlackElo "1914"]

1. e4 {[%clk 00:55:17]} {[%emt 00:00:02]} c5 {[%clk 00:55:14]} {[%emt
00:00:05]} 2. c3 {[%clk 00:55:25]} {[%emt 00:00:04]} g6 {[%clk 00:55:17]}
{[%emt 00:00:07]} 3. d4 {[%clk 00:55:27]} {[%emt 00:00:07]} cxd4 {[%clk
00:55:23]} {[%emt 00:00:04]} 4. cxd4 {[%clk 00:55:33]} {[%emt 00:00:05]} d5
{[%clk 00:55:26]} {[%emt 00:00:06]} 5. e5 {[%clk 00:55:26]} {[%emt 00:00:17]}
Bg7 {[%clk 00:55:26]} {[%emt 00:00:11]} 6. Nc3 {[%clk 00:55:14]} {[%emt
00:00:22]} Nc6 {[%clk 00:55:28]} {[%emt 00:00:07]} 7. Be3 {[%clk 00:55:10]}
{[%emt 00:00:14]} Nh6 {[%clk 00:54:47]} {[%emt 00:00:51]} 8. Bd3 {[%clk
00:54:15]} {[%emt 00:01:04]} O-O {[%clk 00:54:50]} {[%emt 00:00:08]} 9. Nf3
{[%clk 00:53:54]} {[%emt 00:00:31]} Bg4 {[%clk 00:54:36]} {[%emt 00:00:24]} 10.
h3 {[%clk 00:53:23]} {[%emt 00:00:41]} Bxf3 {[%clk 00:54:44]} {[%emt 00:00:02]}
11. Qxf3 {[%clk 00:53:12]} {[%emt 00:00:19]} e6 {[%clk 00:54:35]} {[%emt
00:00:21]} 12. O-O {[%clk 00:52:15]} {[%emt 00:01:07]} Qb6 {[%clk 00:54:21]}
{[%emt 00:00:24]} 13. a3 {[%clk 00:44:36]} {[%emt 00:07:50]} f6 {[%clk
00:45:19]} {[%emt 00:09:07]} 14. Qd1 {[%clk 00:41:12]} {[%emt 00:03:38]} fxe5
{[%clk 00:44:03]} {[%emt 00:01:27]} 15. Na4 {[%clk 00:36:04]} {[%emt 00:05:17]}
Qc7 {[%clk 00:42:25]} {[%emt 00:01:47]} 16. dxe5 {[%clk 00:35:38]} {[%emt
00:00:37]} Qxe5 {[%clk 00:41:20]} {[%emt 00:01:15]} 17. Re1 {[%clk 00:35:27]}
{[%emt 00:00:21]} Qc7 {[%clk 00:40:41]} {[%emt 00:00:50]} 18. Bxh6 {[%clk
00:33:17]} {[%emt 00:02:20]} Bxh6 {[%clk 00:39:11]} {[%emt 00:01:39]} 19. Rxe6
{[%clk 00:32:31]} {[%emt 00:00:55]} Qf7 {[%clk 00:38:45]} {[%emt 00:00:37]} 20.
Qe1 {[%clk 00:30:10]} {[%emt 00:02:31]} Rae8 {[%clk 00:32:09]} {[%emt
00:06:45]} 21. Rxe8 {[%clk 00:29:46]} {[%emt 00:00:35]} Rxe8 {[%clk 00:32:18]}
{[%emt 00:00:02]} 22. Qf1 {[%clk 00:28:02]} {[%emt 00:01:53]} Ne5 {[%clk
00:29:49]} {[%emt 00:02:40]} 23. Be2 {[%clk 00:26:19]} {[%emt 00:01:52]} Nc4
{[%clk 00:24:48]} {[%emt 00:05:09]} 24. Bxc4 {[%clk 00:25:16]} {[%emt
00:01:15]} dxc4 {[%clk 00:24:34]} {[%emt 00:00:25]} 25. Nc3 {[%clk 00:25:06]}
{[%emt 00:00:20]} Bd2 {[%clk 00:22:34]} {[%emt 00:02:07]} 26. Rd1 {[%clk
00:23:58]} {[%emt 00:01:17]} Bxc3 {[%clk 00:21:33]} {[%emt 00:01:14]} 27. bxc3
{[%clk 00:24:03]} {[%emt 00:00:06]} b5 {[%clk 00:21:33]} {[%emt 00:00:10]} 28.
a4 {[%clk 00:22:27]} {[%emt 00:01:46]} bxa4 {[%clk 00:19:14]} {[%emt 00:02:28]}
29. Ra1 {[%clk 00:22:27]} {[%emt 00:00:09]} Rc8 {[%clk 00:16:30]} {[%emt
00:02:55]} 30. Rxa4 {[%clk 00:22:11]} {[%emt 00:00:27]} Rc7 {[%clk 00:15:56]}
{[%emt 00:00:41]} 31. Qd1 {[%clk 00:20:12]} {[%emt 00:02:11]} 1/2-1/2

[Event "ABC 2024 Utrecht, Groep B"]
[Site "Utrecht"]
[Date "2024.03.10"]
[Round "7.6"]
[White "Roebers, Bregje"]
[Black "De Wit, Evan"]
[Result "1/2-1/2"]
[WhiteElo "1803"]
[BlackElo "1892"]

1. e4 {[%clk 00:55:18]} {[%emt 00:00:01]} c5 {[%clk 00:55:20]} 2. Nc3 {[%clk
00:55:22]} {[%emt 00:00:06]} e5 {[%clk 00:55:15]} {[%emt 00:00:15]} 3. Bc4
{[%clk 00:54:37]} {[%emt 00:00:55]} Nc6 {[%clk 00:54:54]} {[%emt 00:00:31]} 4.
d3 {[%clk 00:54:08]} {[%emt 00:00:39]} d6 {[%clk 00:54:50]} {[%emt 00:00:13]} 5.
Nge2 {[%clk 00:53:56]} {[%emt 00:00:23]} g6 {[%clk 00:54:22]} {[%emt 00:00:37]}
6. O-O {[%clk 00:53:41]} {[%emt 00:00:26]} Bg7 {[%clk 00:54:29]} {[%emt
00:00:03]} 7. f4 {[%clk 00:52:18]} {[%emt 00:01:33]} Nge7 {[%clk 00:54:21]}
{[%emt 00:00:18]} 8. Be3 {[%clk 00:48:04]} {[%emt 00:04:24]} O-O {[%clk
00:53:54]} {[%emt 00:00:37]} 9. Qe1 {[%clk 00:46:38]} {[%emt 00:01:37]} Kh8
{[%clk 00:53:14]} {[%emt 00:00:50]} 10. Qh4 {[%clk 00:42:04]} {[%emt 00:04:43]}
f5 {[%clk 00:52:17]} {[%emt 00:01:07]} 11. Bb3 {[%clk 00:38:44]} {[%emt
00:03:29]} a6 {[%clk 00:51:42]} {[%emt 00:00:46]} 12. a4 {[%clk 00:36:14]}
{[%emt 00:02:41]} Rb8 {[%clk 00:51:33]} {[%emt 00:00:18]} 13. fxe5 {[%clk
00:34:09]} {[%emt 00:02:14]} Bxe5 {[%clk 00:48:44]} {[%emt 00:02:59]} 14. Bg5
{[%clk 00:29:05]} {[%emt 00:05:15]} Qc7 {[%clk 00:46:53]} {[%emt 00:02:01]} 15.
Nf4 {[%clk 00:27:51]} {[%emt 00:01:24]} b5 {[%clk 00:44:30]} {[%emt 00:02:34]}
16. Ncd5 {[%clk 00:25:11]} {[%emt 00:02:49]} Nxd5 {[%clk 00:43:33]} {[%emt
00:01:07]} 17. Nxg6+ {[%clk 00:22:57]} {[%emt 00:02:25]} Kg8 {[%clk 00:42:53]}
{[%emt 00:00:49]} 18. Bxd5+ {[%clk 00:21:00]} {[%emt 00:02:07]} Rf7 {[%clk
00:42:58]} {[%emt 00:00:05]} 19. Bxf7+ {[%clk 00:19:02]} {[%emt 00:02:08]} Qxf7
{[%clk 00:43:01]} {[%emt 00:00:07]} 20. Nxe5 {[%clk 00:18:14]} {[%emt
00:00:58]} Nxe5 {[%clk 00:43:03]} {[%emt 00:00:09]} 21. Bf4 {[%clk 00:16:09]}
{[%emt 00:02:14]} Qf8 {[%clk 00:42:22]} {[%emt 00:00:51]} 22. Bxe5 {[%clk
00:15:13]} {[%emt 00:01:05]} dxe5 {[%clk 00:42:27]} {[%emt 00:00:06]} 23. Qg5+
{[%clk 00:15:09]} {[%emt 00:00:14]} Qg7 {[%clk 00:42:02]} {[%emt 00:00:36]} 24.
Qxg7+ {[%clk 00:14:37]} {[%emt 00:00:42]} Kxg7 {[%clk 00:42:07]} {[%emt
00:00:05]} 25. axb5 {[%clk 00:14:13]} {[%emt 00:00:34]} Rxb5 {[%clk 00:42:10]}
{[%emt 00:00:07]} 26. b3 {[%clk 00:13:41]} {[%emt 00:00:41]} fxe4 {[%clk
00:41:50]} {[%emt 00:00:30]} 27. dxe4 {[%clk 00:13:37]} {[%emt 00:00:15]} Bb7
{[%clk 00:41:35]} {[%emt 00:00:25]} 28. Rae1 {[%clk 00:13:14]} {[%emt
00:00:32]} Rb4 {[%clk 00:41:35]} {[%emt 00:00:11]} 29. Rf2 {[%clk 00:12:15]}
{[%emt 00:01:09]} c4 {[%clk 00:41:01]} {[%emt 00:00:44]} 30. Re3 {[%clk
00:11:46]} {[%emt 00:00:38]} a5 {[%clk 00:40:43]} {[%emt 00:00:29]} 31. Rf5
{[%clk 00:10:53]} {[%emt 00:01:03]} cxb3 {[%clk 00:39:36]} {[%emt 00:01:17]} 32.
Rxb3 {[%clk 00:10:14]} {[%emt 00:00:48]} Bxe4 {[%clk 00:39:33]} {[%emt
00:00:14]} 33. Rxb4 {[%clk 00:07:48]} {[%emt 00:02:36]} axb4 {[%clk 00:39:33]}
{[%emt 00:00:10]} 34. Rf2 {[%clk 00:07:19]} {[%emt 00:00:38]} Kg6 {[%clk
00:39:18]} {[%emt 00:00:25]} 35. Kf1 {[%clk 00:07:18]} {[%emt 00:00:11]} h5
{[%clk 00:39:11]} {[%emt 00:00:16]} 36. Ke1 {[%clk 00:07:08]} {[%emt 00:00:21]}
Kg5 {[%clk 00:38:56]} {[%emt 00:00:25]} 37. Kd2 {[%clk 00:04:39]} {[%emt
00:02:39]} h4 {[%clk 00:38:44]} {[%emt 00:00:21]} 38. Ke3 {[%clk 00:04:16]}
{[%emt 00:00:34]} Bf5 {[%clk 00:38:36]} {[%emt 00:00:18]} 39. Rd2 {[%clk
00:03:37]} {[%emt 00:00:50]} Kg4 {[%clk 00:37:42]} {[%emt 00:01:03]} 40. Rf2
{[%clk 00:02:03]} {[%emt 00:01:44]} Kg5 {[%clk 00:37:43]} {[%emt 00:00:10]} 41.
Rd2 {[%clk 00:01:02]} {[%emt 00:01:11]} Kg4 {[%clk 00:37:41]} {[%emt 00:00:11]}
42. Rf2 {[%clk 00:00:45]} {[%emt 00:00:27]} Kg5 {[%clk 00:37:07]} {[%emt
00:00:45]} 43. h3 {[%clk 00:00:44]} {[%emt 00:00:10]} Bg6 {[%clk 00:36:47]}
{[%emt 00:00:30]} 44. Kf3 {[%clk 00:00:32]} {[%emt 00:00:22]} Bf5 {[%clk
00:36:02]} {[%emt 00:00:55]} 45. g4 {[%clk 00:00:27]} {[%emt 00:00:15]} hxg3
{[%clk 00:34:55]} {[%emt 00:01:17]} 46. Kxg3 {[%clk 00:00:35]} {[%emt
00:00:03]} Bg6 {[%clk 00:34:15]} {[%emt 00:00:50]} 47. h4+ {[%clk 00:00:41]}
{[%emt 00:00:03]} Kh5 {[%clk 00:34:00]} {[%emt 00:00:25]} 48. Re2 {[%clk
00:00:46]} {[%emt 00:00:06]} Kh6 {[%clk 00:33:45]} {[%emt 00:00:24]} 49. Rxe5
{[%emt 00:00:08]} Bxc2 {[%clk 00:33:36]} {[%emt 00:00:18]} 50. Rb5 {[%clk
00:00:56]} {[%emt 00:00:04]} b3 {[%clk 00:33:37]} {[%emt 00:00:09]} 51. h5
{[%clk 00:00:55]} {[%emt 00:00:11]} b2 {[%clk 00:32:38]} {[%emt 00:01:08]} 52.
Rxb2 {[%clk 00:00:43]} {[%emt 00:00:22]} Bd1 {[%clk 00:32:43]} {[%emt
00:00:04]} 53. Rb5 {[%clk 00:00:35]} {[%emt 00:00:20]} Bxh5 {[%clk 00:32:45]}
{[%emt 00:00:07]} 54. Kh4 {[%clk 00:00:39]} {[%emt 00:00:06]} Bg6 {[%clk
00:32:45]} {[%emt 00:00:10]} 55. Rb6 {[%clk 00:00:47]} {[%emt 00:00:03]} Kg7
{[%clk 00:32:34]} {[%emt 00:00:20]} 56. Kg5 {[%clk 00:00:56]} Bf7 {[%clk
00:32:20]} {[%emt 00:00:25]} 57. Rb7 {[%clk 00:01:03]} {[%emt 00:00:03]} Kg8
{[%clk 00:30:35]} {[%emt 00:01:54]} 58. Kf6 {[%clk 00:01:03]} {[%emt 00:00:10]}
Bd5 {[%clk 00:29:44]} {[%emt 00:01:00]} 59. Rg7+ {[%clk 00:00:34]} {[%emt
00:00:40]} Kh8 {[%clk 00:29:36]} {[%emt 00:00:18]} 60. Rd7 {[%clk 00:00:22]}
{[%emt 00:00:23]} Bg8 {[%clk 00:29:40]} {[%emt 00:00:05]} 61. Kg6 {[%clk
00:00:13]} {[%emt 00:00:19]} Be6 {[%clk 00:29:28]} {[%emt 00:00:22]} 62. Re7
{[%clk 00:00:17]} {[%emt 00:00:06]} Bd5 {[%clk 00:29:16]} {[%emt 00:00:21]} 63.
Rc7 {[%clk 00:00:19]} {[%emt 00:00:09]} Bb3 {[%clk 00:29:09]} {[%emt 00:00:17]}
64. Rc3 {[%clk 00:00:24]} {[%emt 00:00:06]} Bd5 {[%clk 00:29:11]} {[%emt
00:00:06]} 65. Re3 {[%clk 00:00:15]} {[%emt 00:00:20]} Bc4 {[%clk 00:29:03]}
{[%emt 00:00:19]} 66. Re7 {[%clk 00:00:20]} {[%emt 00:00:05]} Bd3+ {[%clk
00:28:31]} {[%emt 00:00:42]} 67. Kf6 {[%clk 00:00:27]} {[%emt 00:00:03]} Bh7
{[%clk 00:27:57]} {[%emt 00:00:43]} 68. Rg7 {[%clk 00:00:20]} {[%emt 00:00:18]}
Be4 {[%clk 00:26:39]} {[%emt 00:01:27]} 69. Kf7 {[%clk 00:00:26]} {[%emt
00:00:05]} Bd5+ {[%clk 00:26:27]} {[%emt 00:00:20]} 70. Kf8 {[%clk 00:00:31]}
{[%emt 00:00:05]} Be4 {[%clk 00:25:30]} {[%emt 00:01:07]} 71. Rg4 {[%clk
00:00:23]} {[%emt 00:00:19]} Bf5 {[%clk 00:25:27]} {[%emt 00:00:13]} 72. Rg5
{[%clk 00:00:27]} {[%emt 00:00:07]} Bd3 {[%clk 00:25:11]} {[%emt 00:00:24]} 73.
Kf7 {[%clk 00:00:26]} {[%emt 00:00:13]} Bc4+ {[%clk 00:25:03]} {[%emt
00:00:17]} 74. Kf6 {[%clk 00:00:29]} {[%emt 00:00:07]} Bg8 {[%clk 00:24:12]}
{[%emt 00:01:01]} 75. Kg6 {[%clk 00:00:23]} {[%emt 00:00:16]} Bc4 {[%clk
00:22:34]} {[%emt 00:01:44]} 76. Rg3 {[%clk 00:00:18]} {[%emt 00:00:19]} Bd5
{[%clk 00:21:56]} {[%emt 00:00:47]} 77. Rg5 {[%clk 00:00:18]} {[%emt 00:00:11]}
Bc4 {[%clk 00:21:43]} {[%emt 00:00:24]} 78. Rc5 {[%clk 00:00:15]} {[%emt
00:00:13]} Ba2 {[%clk 00:21:05]} {[%emt 00:00:46]} 79. Kh6 {[%clk 00:00:19]}
{[%emt 00:00:08]} Bb3 {[%clk 00:20:59]} {[%emt 00:00:14]} 80. Rc7 {[%clk
00:00:25]} {[%emt 00:00:06]} Bd5 {[%clk 00:20:20]} {[%emt 00:00:48]} 81. Rh7+
{[%clk 00:00:29]} {[%emt 00:00:06]} Kg8 {[%clk 00:20:21]} {[%emt 00:00:08]} 82.
Rd7 {[%clk 00:00:36]} {[%emt 00:00:04]} Bb3 {[%clk 00:19:41]} {[%emt 00:00:49]}
83. Rd8+ {[%clk 00:00:44]} {[%emt 00:00:04]} Kf7 {[%clk 00:19:48]} {[%emt
00:00:02]} 84. Rd3 {[%clk 00:00:44]} {[%emt 00:00:10]} Be6 {[%clk 00:19:19]}
{[%emt 00:00:53]} 85. Re3 {[%clk 00:00:48]} {[%emt 00:00:05]} Bd5 {[%clk
00:19:22]} {[%emt 00:00:08]} 86. Kh7 {[%clk 00:00:45]} {[%emt 00:00:13]} Be6
{[%clk 00:19:20]} {[%emt 00:00:12]} 87. Rf3+ {[%clk 00:00:49]} {[%emt
00:00:06]} Ke7 {[%clk 00:19:23]} {[%emt 00:00:06]} 88. Kg7 {[%clk 00:00:53]}
{[%emt 00:00:06]} Kd6 {[%clk 00:19:25]} {[%emt 00:00:09]} 89. Kf6 {[%clk
00:01:00]} {[%emt 00:00:02]} Bd5 {[%clk 00:19:26]} {[%emt 00:00:10]} 90. Rd3
{[%clk 00:01:07]} {[%emt 00:00:03]} Kc5 {[%clk 00:19:18]} {[%emt 00:00:18]} 91.
Ke5 {[%clk 00:01:11]} {[%emt 00:00:05]} Bc4 {[%clk 00:19:22]} {[%emt 00:00:06]}
92. Rc3 {[%clk 00:01:18]} {[%emt 00:00:04]} Kb4 {[%clk 00:19:21]} {[%emt
00:00:11]} 93. Kd4 {[%clk 00:01:21]} {[%emt 00:00:06]} Bb3 {[%clk 00:19:11]}
{[%emt 00:00:20]} 94. Rh3 {[%clk 00:01:06]} {[%emt 00:00:26]} Bc4 {[%clk
00:18:57]} {[%emt 00:00:24]} 95. Rh1 {[%clk 00:00:58]} {[%emt 00:00:17]} Ba2
{[%clk 00:18:33]} {[%emt 00:00:36]} 96. Rh2 {[%clk 00:00:54]} {[%emt 00:00:12]}
Bc4 {[%clk 00:18:31]} {[%emt 00:00:13]} 97. Rb2+ {[%clk 00:00:58]} {[%emt
00:00:06]} Bb3 {[%clk 00:18:35]} {[%emt 00:00:06]} 98. Kd3 {[%clk 00:00:57]}
{[%emt 00:00:10]} Ka4 {[%clk 00:17:10]} {[%emt 00:01:36]} 99. Kc3 {[%clk
00:00:58]} {[%emt 00:00:09]} Bd5 {[%clk 00:17:05]} {[%emt 00:00:14]} 100. Rb8
{[%clk 00:00:55]} {[%emt 00:00:14]} Be6 {[%clk 00:16:43]} {[%emt 00:00:32]} 101.
Ra8+ {[%clk 00:00:52]} {[%emt 00:00:13]} Kb5 {[%clk 00:16:44]} {[%emt
00:00:09]} 102. Kd4 {[%clk 00:00:57]} {[%emt 00:00:05]} Bf7 {[%clk 00:16:31]}
{[%emt 00:00:22]} 103. Kc3 {[%clk 00:00:58]} {[%emt 00:00:10]} Kc5 {[%clk
00:16:34]} {[%emt 00:00:07]} 104. Rd8 {[%clk 00:00:56]} {[%emt 00:00:12]} Bd5
{[%clk 00:16:17]} {[%emt 00:00:27]} 105. Rd7 {[%clk 00:00:45]} {[%emt
00:00:21]} Kc6 {[%clk 00:16:18]} {[%emt 00:00:09]} 106. Rd8 {[%clk 00:00:42]}
{[%emt 00:00:12]} Kc5 {[%clk 00:16:22]} {[%emt 00:00:06]} 107. Rc8+ {[%clk
00:00:40]} {[%emt 00:00:12]} Bc6 {[%clk 00:16:28]} {[%emt 00:00:05]} 108. Rd8
{[%clk 00:00:33]} {[%emt 00:00:17]} Bd5 {[%clk 00:16:16]} {[%emt 00:00:22]} 109.
Re8 {[%clk 00:00:23]} {[%emt 00:00:20]} Bc6 {[%clk 00:16:19]} {[%emt 00:00:07]}
110. Re5+ {[%clk 00:00:18]} {[%emt 00:00:14]} Kd6 {[%clk 00:16:11]} {[%emt
00:00:18]} 111. Kd4 {[%clk 00:00:25]} {[%emt 00:00:03]} Bd7 {[%clk 00:15:47]}
{[%emt 00:00:35]} 112. Rg5 {[%clk 00:00:19]} {[%emt 00:00:15]} 1/2-1/2

[Event "ABC 2024 Utrecht, Groep B"]
[Site "Utrecht"]
[Date "2024.03.10"]
[Round "7.7"]
[White "Frederiks, Jesse"]
[Black "Anssems, Gyan"]
[Result "1-0"]
[WhiteElo "1893"]
[BlackElo "1798"]

1. e4 {[%clk 00:55:14]} {[%emt 00:00:06]} e6 {[%clk 00:55:16]} {[%emt
00:00:05]} 2. Nf3 {[%clk 00:55:01]} {[%emt 00:00:23]} d5 {[%clk 00:55:23]}
{[%emt 00:00:03]} 3. Nc3 {[%clk 00:55:02]} {[%emt 00:00:09]} c5 {[%clk
00:55:17]} {[%emt 00:00:16]} 4. Bb5+ {[%clk 00:53:45]} {[%emt 00:01:26]} Nc6
{[%clk 00:54:51]} {[%emt 00:00:37]} 5. exd5 {[%clk 00:53:28]} {[%emt 00:00:27]}
exd5 {[%clk 00:54:53]} {[%emt 00:00:07]} 6. Ne5 {[%clk 00:51:16]} {[%emt
00:02:23]} Qc7 {[%clk 00:47:27]} {[%emt 00:07:36]} 7. O-O {[%clk 00:49:27]}
{[%emt 00:01:59]} Nf6 {[%clk 00:47:28]} {[%emt 00:00:09]} 8. Re1 {[%clk
00:48:28]} {[%emt 00:01:09]} Be7 {[%clk 00:47:36]} {[%emt 00:00:02]} 9. d3
{[%clk 00:47:22]} {[%emt 00:01:15]} Be6 {[%clk 00:47:04]} {[%emt 00:00:42]} 10.
Bf4 {[%clk 00:46:13]} {[%emt 00:01:19]} Bd6 {[%clk 00:46:20]} {[%emt 00:00:55]}
11. Qe2 {[%clk 00:41:12]} {[%emt 00:05:11]} O-O {[%clk 00:45:32]} {[%emt
00:00:58]} 12. Bxc6 {[%clk 00:41:08]} {[%emt 00:00:14]} bxc6 {[%clk 00:45:33]}
{[%emt 00:00:09]} 13. Bg3 {[%clk 00:36:55]} {[%emt 00:04:23]} Rfe8 {[%clk
00:41:57]} {[%emt 00:03:46]} 14. Qd2 {[%clk 00:32:45]} {[%emt 00:04:18]} Rab8
{[%clk 00:38:08]} {[%emt 00:04:01]} 15. Rab1 {[%clk 00:31:42]} {[%emt
00:01:12]} Nd7 {[%clk 00:38:11]} {[%emt 00:00:08]} 16. Nxd7 {[%clk 00:31:18]}
{[%emt 00:00:34]} Qxd7 {[%clk 00:36:23]} {[%emt 00:01:58]} 17. Bxd6 {[%clk
00:30:50]} {[%emt 00:00:37]} Qxd6 {[%clk 00:36:28]} {[%emt 00:00:05]} 18. Ne2
{[%clk 00:30:00]} {[%emt 00:01:00]} Bd7 {[%clk 00:34:28]} {[%emt 00:02:11]} 19.
c3 {[%clk 00:26:36]} {[%emt 00:03:34]} Re7 {[%clk 00:31:25]} {[%emt 00:03:13]}
20. Ng3 {[%clk 00:25:48]} {[%emt 00:00:58]} Rbe8 {[%clk 00:31:19]} {[%emt
00:00:16]} 21. Rxe7 {[%clk 00:25:33]} {[%emt 00:00:24]} Rxe7 {[%clk 00:31:24]}
{[%emt 00:00:06]} 22. Re1 {[%clk 00:25:35]} {[%emt 00:00:07]} Be6 {[%clk
00:31:14]} {[%emt 00:00:20]} 23. Qe2 {[%clk 00:24:28]} {[%emt 00:01:14]} Kf8
{[%clk 00:30:45]} {[%emt 00:00:43]} 24. Qe5 {[%clk 00:22:35]} {[%emt 00:02:02]}
Qxe5 {[%clk 00:30:12]} {[%emt 00:00:44]} 25. Rxe5 {[%clk 00:22:39]} {[%emt
00:00:05]} Rb7 {[%clk 00:30:21]} {[%emt 00:00:02]} 26. Re2 {[%clk 00:22:29]}
{[%emt 00:00:19]} a5 {[%clk 00:30:24]} {[%emt 00:00:09]} 27. a4 {[%clk
00:21:15]} {[%emt 00:01:24]} d4 {[%clk 00:29:46]} {[%emt 00:00:47]} 28. f4
{[%clk 00:17:20]} {[%emt 00:04:06]} Bb3 {[%clk 00:29:18]} {[%emt 00:00:37]} 29.
Ne4 {[%clk 00:17:07]} {[%emt 00:00:23]} Re7 {[%clk 00:29:15]} {[%emt 00:00:13]}
30. Kf2 {[%clk 00:16:55]} {[%emt 00:00:22]} Bxa4 {[%clk 00:29:22]} {[%emt
00:00:03]} 31. Nxc5 {[%clk 00:16:45]} {[%emt 00:00:20]} Bd1 {[%clk 00:27:48]}
{[%emt 00:01:45]} 32. Rxe7 {[%clk 00:16:34]} {[%emt 00:00:21]} Kxe7 {[%clk
00:27:55]} {[%emt 00:00:03]} 33. cxd4 {[%clk 00:16:22]} {[%emt 00:00:22]} a4
{[%clk 00:27:40]} {[%emt 00:00:24]} 34. Ke1 {[%clk 00:16:23]} {[%emt 00:00:08]}
Bb3 {[%clk 00:27:27]} {[%emt 00:00:23]} 35. Nxb3 {[%clk 00:13:37]} {[%emt
00:02:57]} axb3 {[%emt 00:00:06]} 36. Kd2 {[%clk 00:13:06]} {[%emt 00:00:40]}
Kd6 {[%clk 00:27:37]} {[%emt 00:00:05]} 37. g4 {[%clk 00:12:28]} {[%emt
00:00:48]} g6 {[%clk 00:22:12]} {[%emt 00:05:36]} 38. f5 {[%clk 00:11:18]}
{[%emt 00:01:20]} gxf5 {[%clk 00:20:59]} {[%emt 00:01:23]} 39. gxf5 {[%clk
00:11:24]} {[%emt 00:00:04]} f6 {[%clk 00:21:01]} {[%emt 00:00:07]} 40. h4
{[%clk 00:11:07]} {[%emt 00:00:26]} h5 {[%clk 00:19:59]} {[%emt 00:01:12]} 41.
Ke2 {[%clk 00:11:03]} {[%emt 00:00:15]} Kd7 {[%clk 00:19:32]} {[%emt 00:00:37]}
42. Kf2 {[%clk 00:08:47]} {[%emt 00:02:24]} Ke7 {[%clk 00:19:05]} {[%emt
00:00:39]} 43. Kf3 {[%clk 00:08:07]} {[%emt 00:00:51]} Kd7 {[%clk 00:18:44]}
{[%emt 00:00:31]} 44. Kf4 {[%clk 00:07:49]} {[%emt 00:00:26]} Ke7 {[%clk
00:18:43]} {[%emt 00:00:11]} 45. Ke3 {[%clk 00:07:23]} {[%emt 00:00:36]} Kd7
{[%clk 00:18:42]} {[%emt 00:00:13]} 46. d5 {[%clk 00:06:58]} {[%emt 00:00:34]}
c5 {[%clk 00:18:21]} {[%emt 00:00:31]} 47. Kf4 {[%clk 00:03:43]} {[%emt
00:03:25]} Ke7 {[%clk 00:18:15]} {[%emt 00:00:16]} 48. Ke3 {[%clk 00:03:18]}
{[%emt 00:00:34]} Kd7 {[%clk 00:18:14]} {[%emt 00:00:11]} 49. Kd2 {[%clk
00:02:31]} {[%emt 00:00:58]} Kd6 {[%clk 00:18:05]} {[%emt 00:00:19]} 50. Kc3
{[%clk 00:02:39]} {[%emt 00:00:02]} Kxd5 {[%clk 00:18:06]} {[%emt 00:00:10]} 51.
Kxb3 {[%clk 00:02:47]} {[%emt 00:00:01]} Kd4 {[%clk 00:17:38]} {[%emt
00:00:37]} 52. Kc2 {[%clk 00:02:54]} {[%emt 00:00:04]} Ke5 {[%clk 00:17:03]}
{[%emt 00:00:45]} 53. Kc3 {[%clk 00:02:33]} {[%emt 00:00:30]} Kd5 {[%clk
00:16:07]} {[%emt 00:01:06]} 54. b3 {[%clk 00:02:21]} {[%emt 00:00:22]} Ke5
{[%clk 00:14:05]} {[%emt 00:02:13]} 55. Kc4 {[%clk 00:02:05]} {[%emt 00:00:26]}
Kxf5 {[%clk 00:14:10]} {[%emt 00:00:04]} 56. Kxc5 {[%clk 00:02:11]} {[%emt
00:00:05]} Kg4 {[%clk 00:14:11]} {[%emt 00:00:09]} 57. d4 {[%clk 00:02:12]}
{[%emt 00:00:09]} f5 {[%clk 00:14:11]} {[%emt 00:00:10]} 58. d5 {[%clk
00:02:21]} {[%emt 00:00:01]} f4 {[%clk 00:14:16]} {[%emt 00:00:05]} 59. d6
{[%clk 00:02:28]} {[%emt 00:00:03]} f3 {[%clk 00:14:11]} {[%emt 00:00:15]} 60.
d7 {[%clk 00:02:34]} {[%emt 00:00:04]} f2 {[%clk 00:14:15]} {[%emt 00:00:06]}
61. d8=Q {[%clk 00:02:38]} {[%emt 00:00:06]} f1=Q {[%clk 00:14:19]} {[%emt
00:00:06]} 62. Qg5+ {[%clk 00:02:29]} {[%emt 00:00:19]} Kh3 {[%clk 00:14:15]}
{[%emt 00:00:13]} 63. b4 {[%clk 00:02:16]} {[%emt 00:00:23]} Qg1+ {[%clk
00:13:58]} {[%emt 00:00:27]} 64. Qxg1 {[%clk 00:02:12]} {[%emt 00:00:14]} 1-0